Hybrid artificial intelligence systems : (Record no. 22339)
[ view plain ]
| 000 -LEADER | |
|---|---|
| fixed length control field | 01155cam a22002535a 4500 |
| 001 - CONTROL NUMBER | |
| control field | 15763895 |
| 005 - DATE AND TIME OF LATEST TRANSACTION | |
| control field | 20160908110151.0 |
| 008 - FIXED-LENGTH DATA ELEMENTS--GENERAL INFORMATION | |
| fixed length control field | 090605t2009 gw a frb 001 0 eng d |
| 020 ## - INTERNATIONAL STANDARD BOOK NUMBER | |
| International Standard Book Number | 9783642023187 |
| 040 ## - CATALOGING SOURCE | |
| Original cataloging agency | BTCTA |
| Transcribing agency | BTCTA |
| Modifying agency | OHX |
| -- | TXH |
| -- | GBVCP |
| -- | DEBBG |
| -- | DLC |
| -- | EG-ScBUE |
| Language of cataloging | eng |
| 082 04 - DEWEY DECIMAL CLASSIFICATION NUMBER | |
| Edition number | 22 |
| Classification number | 006.3 |
| Item number | HYB |
| 111 2# - MAIN ENTRY--MEETING NAME | |
| Meeting name or jurisdiction name as entry element | International Workshop on Hybrid Artificial Intelligence Systems |
| Number of part/section/meeting | (4th : |
| Date of meeting | 2009 : |
| Location of meeting | Salamanca, Spain) |
| 245 10 - TITLE STATEMENT | |
| Title | Hybrid artificial intelligence systems : |
| Remainder of title | 4th international conference, HAIS 2009, Salamanca, Spain, June 10-12, 2009 : proceedings / |
| Statement of responsibility, etc | [editor] Emilio Corchado ... [et al.] |
| 260 ## - PUBLICATION, DISTRIBUTION, ETC. (IMPRINT) | |
| Place of publication, distribution, etc | Berlin : |
| Name of publisher, distributor, etc | Springer-Verlag, |
| Date of publication, distribution, etc | c.2009. |
| 300 ## - PHYSICAL DESCRIPTION | |
| Extent | xxii, 715 p. : |
| Other physical details | ill. ; |
| Dimensions | 24 cm. |
| 490 0# - Series Statement | |
| Series statement | Lecture notes in artificial intelligence, subseries of Lecture notes in computer science, |
| International Standard Serial Number | 0302-9743 ; |
| Volume/sequential designation | 5572. |
| 500 ## - GENERAL NOTE | |
| General note | International conference proceedings. |
| 504 ## - BIBLIOGRAPHY, ETC. NOTE | |
| Bibliography, etc | Includes bibliographical references and index. |
| 650 #0 - SUBJECT ADDED ENTRY--TOPICAL TERM | |
| Topical term or geographic name as entry element | Artificial intelligence |
| Form subdivision | Congresses. |
| Source of heading or term | BUEsh |
| 650 #0 - SUBJECT ADDED ENTRY--TOPICAL TERM | |
| Topical term or geographic name as entry element | Hybrid computers |
| Form subdivision | Congresses. |
| Source of heading or term | BUEsh |
| 651 ## - SUBJECT ADDED ENTRY--GEOGRAPHIC NAME | |
| Source of heading or term | BUEsh |
| 653 ## - INDEX TERM--UNCONTROLLED | |
| Resource For college | Informatics and Computer Science |
| Arrived date list | September2016 |
| 700 1# - ADDED ENTRY--PERSONAL NAME | |
| Personal name | Corchado, Emilio, |
| Relator term | editor. |
| Withdrawn status | Item status | Source of classification or shelving scheme | Damaged status | Not for loan | Vendor | Home library | Current library | Shelving location | Date acquired | Source of acquisition | Cost, normal purchase price | Serial Enumeration / chronology | Total Checkouts | Full call number | Barcode | Date last seen | Cost, replacement price | Koha item type |
|---|---|---|---|---|---|---|---|---|---|---|---|---|---|---|---|---|---|---|
| Dewey Decimal Classification | Baccah | Central Library | Central Library | Lower Floor | 08/09/2016 | Purchase | 777.60 | 2000088 | 006.3 HYB | 000033599 | 15/07/2025 | 972.00 | Book - Borrowing |